| 000 | 00698nam a2200217 4500 | ||
|---|---|---|---|
| 003 | OSt | ||
| 005 | 20240705080333.0 | ||
| 006 | a | ||
| 008 | 240705b |||||||| |||| 00| 0 eng d | ||
| 040 |
_aDWCL-HMN lib. _cOC |
||
| 082 |
_2Cardiovascular edition _aCirc. 615.1 S767t 2006 |
||
| 100 | _aSpratto, George R. | ||
| 245 | _a2006 edition PDR nurse’s drug handbook / | ||
| 250 | _aCardiovascular edition | ||
| 260 |
_aN. Y. : _bThomson Delmar Learning, _cc2006. |
||
| 300 |
_axvi, _b317 p. ; _c20 cm. |
||
| 504 | _aIncludes index. | ||
| 650 | _a1. Drugs-Handbooks, manuals, etc. | ||
| 650 | _a2. Nursing-Handbooks, manuals, etc. | ||
| 942 |
_2ddc _n0 _cBK-CIRC _eCardiovascular edition _kCirc. |
||
| 999 |
_c2047 _d2047 |
||